Você sabe quem somos??? - Statistics

Estatísticas Gerais
  • Esse quiz foi jogado 374 vezes
    371 desde o último reset
  • A pontuação média é 21 de 39
Estatísticas das Respostas
Personagens Nome % Correto
Thor, Capitão América, Homem de Ferro Os Vingadores
89%
Fred, Velma, Salsicha, Daphne Scooby-doo
86%
Didi, Dedé, Mussum, Zacarias Os Trapalhões
85%
Simba, Mufasa, Timão, Pumba O Rei Leão
84%
Emília, Pedrinho, Narizinho, Dona Benta, Tia Nastácia Sítio do Pica-Pau Amarelo
82%
Michelangelo, Donatello, Rafael, Leonardo, Mestre Splinter Tartarugas Ninja
82%
Wolverine, Tempestade, Ciclope, Noturno X-Men
82%
Senhor Fantástico, Mulher Invisível, Tocha Humana, Coisa Quarteto Fantástico
81%
Luke, Diana, Han Solo, Chewbacca Star Wars
81%
Homer, Bart, Lisa, Marge, Maggie Os Simpsons
78%
Super Homem, Mulher Maravilha, Aquaman, Flash Liga da Justiça
76%
Lineu, Nenê, Agostinho, Tuco, Bebel A Grande Família
75%
Goku, Gohan, Bulma DragonBall
74%
Chandler, Ross, Joe, Monica, Rachel, Phoebe Friends
73%
Fred, Barney, Wilma, Betty Os Flintstones
68%
Dick Vigarista, Pelélope Charmosa, Peter Perfeito, Cupê Mal-assombrado Corrida Maluca
67%
Cruela, Roger, Anita, Nanny 101 Dálmatas
63%
Pernalonga, Patolino, Gaguinho, Frangolino Looney Tunes
61%
Gomez, Mortícia, Vandinha, Feioso, Tio Chico, Tropeço A Família Addams
60%
Princesa Aurora, Príncipe Felipe, Malévola A Bela Adormecida
57%
Brian O'Conner, Dominic Toretto, Letty Ortiz Velozes e Furiosos
56%
Hank, Eric, Diana, Sheila, Presto, Bobby, Uni, Mestre dos Magos Caverna do Dragão
54%
Caco, Magda, Cassandra, Vavá, Ribamar Sai de Baixo
50%
Kirk, Spock, McCoy, Scott Star Trek
47%
Dartagnan, Athos, Portos, Aramis Os Três Mosqueteiros
46%
Cícero, Prático, Heitor, Lobo Mau Os Três Porquinhos
45%
Seiya, Saori Kido, Shun, Shiryu, Hyoga Os Cavaleiros do Zodíaco
42%
Michael Kyle, Janet, Junior, Claire Eu, a patroa e as crianças
40%
Ted, Barney, Lilly, Robin, Marshall How I met your mother
40%
Lion-O, Tygra, Panthro, Cheetara, Snarf Thundercats
38%
Caco/Kermitt, Piggy, Ênio, Beto, Rowlf, Gonzo, Oscar Os Muppets
32%
Charlie, Alan, Jake, Walden Two and a half men
29%
George, Jane, Judy, Elroy Os Jetsons
22%
Snoopy, Charlie Brown, Woodstock, Linus Peanuts
22%
Jack, Kate, Sawyer, John Locke, Sayid, Hurley Lost
19%
Larry, Moe, Courly Os Três Patetas
19%
Kelly, Kris, Sabrina, Jill, Tiffany, Charlie As Panteras
8%
Zandor, Tara, Dorno, Zok, Igoo, Tundro, Glup e Gleep Os Herculóides
8%
Marshall, Will, Rolly, Cha-ka O Elo Perdido
6%
Nenhum quiz correspondente encontrado
Distribuição das Pontuações
Porcentagem de Pessoas com Cada Pontuação
Percentil de Números Respondidos
Sua Pontuação Histórica
Você não jogou esse quiz desde o último reset